000 00437pab a2200169 454500
008 180718b2018 xxu||||| |||| 00| 0 eng d
100 _aMullinix, Kevin J.
245 _aCivic duty and political preference formation
260 _c2018
300 _ap.199-214.
362 _aMar
650 _aCivic duty
650 _aPolitical preference
650 _aPublic opinion
773 _aPolitical Research Quarterly
909 _a117110
999 _c117104
_d117104